Language Quiz

Random Language or Blitz Quiz

Past Tense Blitz Quiz Stats

Quiz Updated Mar 16, 2013

Challenge
Share
Tweet
Embed
Score 0/48 Timer 02:00
6 Plays Today
Verb Past Tense % Correct
????
100%
????
99.1%
????
98.8%
????
97.8%
????
97.6%
????
97.5%
????
97.4%
????
97.3%
????
97.1%
????
96.5%
????
96.2%
????
95.7%
????
94.8%
????
94.6%
????
94.4%
????
94%
????
93.1%
????
92.3%
????
92.1%
????
91.9%
????
91.6%
????
91.3%
????
90.6%
????
90%
Verb Past Tense % Correct
????
89.3%
????
88.1%
????
86.9%
????
86.4%
????
85.5%
????
84.9%
????
83.6%
????
82.6%
????
79.7%
????
78.6%
????
77.3%
????
76%
????
70%
????
68.6%
????
67.1%
????
65.5%
????
63.5%
????
62.2%
????
60.5%
????
58.2%
????
56.5%
????
48.9%
????
46.8%
????
44.6%

You're not logged in!

Compare scores with friends on all Sporcle quizzes.
Sign Up with Email
OR
Log In

You Might Also Like...

Show Comments

Extras

Top Quizzes Today


Score Distribution

Your Account Isn't Verified!

In order to create a playlist on Sporcle, you need to verify the email address you used during registration. Go to your Sporcle Settings to finish the process.